| 000 | 00513nam a2200169 a 4500 | ||
|---|---|---|---|
| 005 | 20140412111301.0 | ||
| 008 | 001116s19uu xx 00 eng d | ||
| 020 | _a0-8167-3408-9 | ||
| 050 |
_aM 398.21 _bREA 1994 |
||
| 100 | _aReasoner, Charles | ||
| 245 |
_aThe Magic amber : _ba Korean legend / _cretold and illustrated by Charles Reasoner. |
||
| 260 |
_a[s.l.] : _bTroll Associates Inc, _c1994. |
||
| 300 | _a32 p. ; ill. | ||
| 440 | _aLegends of the world | ||
| 650 | _aFolklore -- Korea | ||
| 999 |
_c103400 _d103400 |
||